[Event "XVII MetLife Najdorf Open 2017"]
[Site "Warsaw"]
[Date "2017.07.16"]
[Round "8"]
[White "Stefanova, Antoaneta"]
[Black "Lagunow, Raphael"]
[Result "1/2-1/2"]
[WhiteElo "2512"]
[BlackElo "2348"]
[Annotator "TA"]
[PlyCount "185"]
[EventDate "2017.??.??"]
[EventType "swiss"]
[EventCountry "POL"]
[SourceTitle "playchess.com"]
[Source "ChessBase"]
[SourceQuality "1"]

{[%evp 11,185,-3,9,-10,-13,-10,5,-1,2,-41,-26,-72,4,-31,60,0,-6,-7,0,0,0,-95,-88,-104,-87,-85,-94,-100,-33,-36,-38,-106,-71,-70,-40,-49,0,0,0,0,78,50,109,103,132,72,101,101,105,95,104,99,97,100,168,137,147,88,95,95,105,62,74,72,74,36,48,45,43,37,65,62,67,51,66,67,74,64,66,33,39,22,22,22,46,11,35,0,0,0,0,0,0,0,0,0,0,0,0,0,0,0,0,0,0,0,0,0,0,0,0,0,0,0,0,0,7,7,33,33,33,33,33,33,33,33,33,33,33,33,33,0,33,33,33,8,8,8,8,8,8,0,8,8,8,8,8,8,8,0,0,0,0,0,0,0,8,0,8,8,8,8,8,8,8,8,8,0,0,0,0,0,0,0,0,0]} 1. Nf3 c5 2. c4 g6 3. d4 cxd4 4. Nxd4 Bg7 5. e4 Nc6 6. Nc2 d6 {LiveBook: 173 Games. B37: Sicilian: Maroczy Bind with 5...Bg7, sidelines} 7. Ne3 (7. Be2 Nf6 8. Nc3 O-O 9. O-O Be6 10. Bd2 Nd7 11. Rc1 Nc5 12. b4 Bxc3 13. Bxc3 Nxe4 14. Ba1 a5 15. b5 Ne5 16. Qd4 Nf6 17. Ne3 Ned7 18. Bf3 {1-0 (33) Aronian,L (2785)-Flores,D (2579) Doha 2016}) 7... Nf6 {[%cal Bg8f6,Bf6d7,Bd7c5][%mdl 32]} 8. Nc3 O-O 9. Be2 Nd7 10. h4 $146 ({Predecessor:} 10. Qd2 Nc5 11. f3 Ne6 12. Ned5 Ned4 13. Bd1 a6 14. b3 e6 15. Ne3 f5 16. exf5 gxf5 {0-1 (38) Wijesinghe,D (2170)-Prathamesh,S (2358) Negombo 2003}) 10... Nc5 11. h5 a5 ({Black should play} 11... Bxc3+ $17 12. bxc3 Qa5) 12. hxg6 hxg6 (12... fxg6 $15 13. f3 a4) 13. Nc2 (13. Kf1 $14) 13... a4 $11 {[%cal Ba5a4,Ba4a3][%mdl 32]} 14. Bh6 {[#]} a3 $1 {[%mdl 512]} 15. Bxg7 (15. bxa3 Bxc3+) 15... axb2 16. Bf6 (16. Qd2 $1 $11 bxa1=R+ 17. Nxa1 Kxg7 18. Qh6+ Kf6 19. Nd5+ Ke5 20. f4+ Kxe4 21. f5 $1 {[%mdl 512]}) 16... exf6 $17 17. Rb1 Kg7 $1 18. Rxb2 Be6 19. Ne3 Qa5 (19... Ra3 $1 $17 20. Nb5 Rxe3 $1 {[%mdl 512]} 21. fxe3 Nxe4) 20. Qd2 $15 {White threatens Nf5+! and mate.} Rh8 21. O-O (21. Rg1 $15) 21... Rh7 22. f3 Rah8 23. Nb5 Qd8 24. Qxd6 Qb6 {( -> ...Nxe4!)} 25. Kf2 Rd8 (25... Rh2 $1 $11 {keeps the balance.} 26. e5 fxe5) 26. Qc7 $16 Qxc7 (26... Qa6 $14) 27. Nxc7 Ne5 28. Kg3 ({White should try} 28. Rb5 $1 {[%cal Rb5c5]} Ned7 29. Rd1) 28... f5 {...f4+! is the strong threat.} 29. Rb5 b6 {[#] next ...Rd2 is good for Black.} 30. exf5 $1 ({Reject} 30. Rxb6 $6 Rd2 $11) 30... gxf5 31. Ned5 Bxd5 32. Nxd5 Ne6 (32... Ra8 $16) 33. Rxb6 Nd4 {[#]} 34. Rb2 (34. Re1 $142 $1) 34... Nxe2+ 35. Rxe2 Nxc4 36. Nf4 Kf6 37. Rc1 Rd4 {Strongly threatening ...Rg7+.} 38. Nh3 (38. Nd5+ $5 Kg5 39. Rec2 $16) 38... f4+ 39. Kf2 Ne5 40. Rb1 Rg7 41. Rb5 Nd3+ 42. Kg1 Rg8 43. Ra5 Rc4 44. Rd5 Nc5 45. Rd6+ (45. Nxf4 $5 Rxf4 46. Rxc5 $16) 45... Ne6 46. Ra6 Rd8 47. Kh2 Rd5 48. a4 Kg7 49. Ra2 (49. Ra7 $5 {[%cal Re2e6]} Ng5 50. Rb2 $16) 49... Rh5 50. a5 {Hoping for Rb6.} Ng5 51. Ra8 {aiming for a6.} Rc3 52. Rf2 Ra3 53. a6 Rh6 54. a7 Nxh3 55. gxh3 $11 {[%mdl 4096] Endgame Black must now prevent Rg2+. KRR-KRR} Rha6 56. h4 Rxa7 57. Rg2+ (57. Rc8 {keeps more tension.} f5 58. Rg2+ Kf6 59. Rc6+ Ke5 60. Rc5+) 57... Kf6 58. Rxa7 Rxa7 {KR-KR} 59. Kh3 Ke5 60. Rb2 f5 61. Rb5+ Kf6 62. Rb6+ Kg7 63. Rb4 Kg6 64. Rxf4 Ra6 65. Kg3 Ra5 66. Rb4 Ra6 67. Kf4 Kf6 68. Rb8 Ra4+ 69. Kg3 Kg6 70. Rg8+ Kf7 71. Rb8 (71. Rh8 {feels hotter.} Kf6 72. Rf8+ Kg6 73. Rc8 Ra5 74. Rc6+) 71... Kg6 72. Rb6+ Kg7 73. h5 Rc4 {The position is equal.} 74. Rg6+ Kf7 75. f4 {Threatening Rg5.} Ra4 76. Rb6 Kg7 77. Rc6 Rb4 78. Rg6+ Kf7 79. Rg5 Kf6 80. Rg6+ Kf7 81. Kf3 Rb3+ 82. Kg2 Rb4 83. Kg3 Ra4 84. Rb6 {White wants to play h6.} Kg7 85. h6+ Kh7 86. Rf6 Rb4 87. Rxf5 {Black should prevent Rf6.} Kxh6 88. Rg5 Rb6 89. Kg4 Rg6 90. Kf5 Rxg5+ 91. fxg5+ Kg7 92. g6 Kg8 93. Kf6 {Precision: White = 51%, Black = 61%.} (93. g7 $5 Kxg7 $11) 1/2-1/2

[Event "XVII MetLife Najdorf Open 2017"]
[Site "Warsaw"]
[Date "2017.07.16"]
[Round "8"]
[White "Riff, Jean-Noel"]
[Black "Barski, Radoslaw"]
[Result "1-0"]
[WhiteElo "2493"]
[BlackElo "2402"]
[Annotator "TA"]
[PlyCount "55"]
[EventDate "2017.??.??"]
[EventType "swiss"]
[EventCountry "POL"]
[SourceTitle "playchess.com"]
[Source "ChessBase"]
[SourceQuality "1"]

{[%evp 27,55,69,64,66,57,31,41,36,107,109,115,112,180,180,247,261,476,459,568,567,565,554,775,544,29978,6875,3210,2736,29991,2511]} 1. e4 c5 2. Nf3 d6 3. d4 cxd4 4. Nxd4 Nf6 5. Nc3 a6 6. h3 e6 7. g4 h6 8. Bg2 Nc6 9. Be3 Qc7 10. f4 {B81: Sicilian Scheveningen: Keres Attack} Be7 11. Qe2 Nxd4 12. Bxd4 e5 13. Be3 exf4 14. Bxf4 Be6 {LiveBook: 7 Games} 15. O-O-O O-O {[#]} 16. Bf3 $146 ({Predecessor:} 16. e5 dxe5 17. Qxe5 Qc8 {1-0 (31) Movsesian,S (2580)-Akopian,V (2620) Yerevan 1996}) 16... Nd7 17. h4 Qa5 {[#]} (17... Rac8 $14) 18. Kb1 $1 $16 (18. Bxd6 Bxd6 19. Rxd6 Ne5 $17) 18... Nb6 {Strongly threatening ...Bf6.} 19. g5 ({Weaker is} 19. Bxd6 Bxd6 20. Rxd6 Rac8 $17) 19... Rfe8 (19... Rac8 $16 {might work better.} 20. Nd5 Bxd5 21. exd5 Rfe8) 20. Bg4 $18 {Black must now prevent Bxe6.} Bxg4 (20... Rac8 $142) 21. Qxg4 Nc4 $2 (21... h5 22. Qxh5 Rac8) 22. Nd5 (22. gxh6 Bf6 $16) 22... Qb5 {[%csl Gc4][%cal Rb5b2]} ({Not} 22... hxg5 $2 23. hxg5 Qb5 24. b3) 23. b3 h5 24. Qxh5 Rac8 25. Rh2 Bf8 26. g6 fxg6 27. Qxg6 {Intending Nf6+ and mate.} Kh8 {[#]} 28. Rg1 {Precision: White = 83%, Black = 26%.} (28. Nf6 $142 $1 {[%mdl 512]} gxf6 29. Rg1 Nd2+ 30. Rxd2 Qf1+ 31. Rxf1 Re7 32. Qxf6+ Rg7 33. Bh6) 1-0

[Event "XVII MetLife Najdorf Open 2017"]
[Site "Warsaw"]
[Date "2017.07.16"]
[Round "8"]
[White "Annaberdiev, Meilis"]
[Black "Aleksandrov, Aleksej"]
[Result "1/2-1/2"]
[WhiteElo "2485"]
[BlackElo "2581"]
[Annotator "TA"]
[PlyCount "33"]
[EventDate "2017.??.??"]
[EventType "swiss"]
[EventCountry "POL"]
[SourceTitle "playchess.com"]
[Source "ChessBase"]
[SourceQuality "1"]

{[%evp 20,22,18,20,18]} 1. e4 e5 2. Nf3 Nc6 3. Bb5 Nf6 4. O-O Nxe4 5. Re1 Nd6 6. Nxe5 Be7 7. Bf1 Nxe5 8. Rxe5 O-O 9. d4 Bf6 {C67: Ruy Lopez: Berlin Defence: 4 0-0 Nxe4} 10. Re2 b6 11. Re1 {LiveBook: 3 Games} Re8 {Predecessor:} 12. Bf4 $146 Rxe1 13. Qxe1 Qe7 14. Nc3 Bb7 15. Qxe7 Bxe7 16. a4 a6 17. g3 {½-½ (78) Carlsen,M (2853)-Karjakin,S (2772) New York 2016} 1/2-1/2

[Event "XVII MetLife Najdorf Open 2017"]
[Site "Warsaw"]
[Date "2017.07.16"]
[Round "8"]
[White "Socko, Monika"]
[Black "Molenda, Marcin"]
[Result "1-0"]
[WhiteElo "2480"]
[BlackElo "2419"]
[Annotator "TA"]
[PlyCount "155"]
[EventDate "2017.??.??"]
[EventType "swiss"]
[EventCountry "POL"]
[SourceTitle "playchess.com"]
[Source "ChessBase"]
[SourceQuality "1"]

{[%evp 14,155,33,17,97,64,65,65,77,72,70,74,76,66,73,80,87,70,89,35,70,72,67,50,62,27,25,14,51,56,41,55,68,49,53,52,87,86,97,92,102,87,124,89,105,114,118,118,118,122,113,114,128,119,137,137,178,177,200,196,182,88,89,80,80,22,23,20,23,25,31,0,13,22,17,2,5,8,8,7,8,4,8,8,98,99,97,106,96,65,102,101,419,411,317,285,350,307,375,368,1058,731,1081,1081,1081,889,1081,1081,940,823,1064,1045,900,860,875,903,29955,29958,11310,6782,29973,29968,6514,0,3155,9569,29977,29978,29977,29978,29980,29981,29981,29981,29985,29986,29986,29987,29987,29988,29990,29991,29991,29992]} 1. d4 d5 2. c4 e6 3. Nf3 Nf6 4. Nc3 Bb4 5. cxd5 exd5 6. Bg5 Nbd7 7. e3 c5 8. dxc5 {LiveBook: 116 Games. D38: Queen's Gambit Declined: Ragozin Defence (4 Nf3 Bb4)} (8. Be2 {is interesting.} h6 9. Bxf6 Nxf6 10. dxc5 O-O 11. Qd4) 8... Nxc5 (8... Qa5 $11 {remains equal.}) (8... Qa5 9. Rc1 Bxc3+ 10. bxc3 O-O 11. Nd4 Re8 12. Be2 Ne4 13. Bf4 Qxc5 14. O-O Nb6 15. Bd3 Nc4 16. f3 Ned6 {½-½ (53) Goganov,A (2643)-Alekseev,E (2638) Khanty-Mansiysk 2016}) 9. Bb5+ (9. Qd4 {with more complications.} Qb6 10. Rc1 O-O 11. Bxf6 gxf6 12. Bd3) 9... Bd7 10. Bxf6 $146 {White is slightly better.} ({Predecessor:} 10. Bxd7+ Ncxd7 11. O-O Bxc3 12. bxc3 Qa5 13. Qd4 O-O 14. Bf4 Ne4 15. c4 Nc3 {1-0 (72) Bulmaga,E (1768)-Zorko,Z Mureck 2010}) 10... Bxc3+ 11. bxc3 Qxf6 12. Bxd7+ Nxd7 13. O-O Nb6 14. a4 {[%cal Ba2a4,Ba4a5][%mdl 32]} Rd8 15. a5 Nc4 {[#]} 16. Qb3 (16. a6 $1 $16 {[%mdl 512]} b6 (16... bxa6 17. Qa4+) 17. Qa4+ Rd7 18. e4 dxe4 19. Qxc4 exf3 20. Qa4) 16... Qa6 17. Qb4 Rd7 18. Rfd1 Qd6 19. Qxd6 Rxd6 20. Nd4 Ra6 21. Nb3 Ke7 22. Rxd5 Rc8 23. g3 Rc7 24. Nd4 $36 {[%mdl 2048] White has some pressure.} Nb6 25. Re5+ Kf6 26. Rf5+ Kg6 27. g4 Nd7 28. Rb1 f6 29. Rfb5 b6 30. axb6 Nxb6 31. R1b3 Ra2 32. h4 Kf7 33. g5 Ra1+ 34. Kg2 Rc1 35. Ra5 Nc8 36. gxf6 gxf6 37. Ra6 (37. Rb8 $18 {and White stays clearly on top. Black must now prevent Nb5.} Nb6 38. Rh8 R1xc3 39. Rxh7+ Kg6 40. Rxc7 Rxc7 41. Ne6) 37... R1xc3 $16 38. Rxc3 Rxc3 {[%mdl 4096] Endgame KRN-KRN} 39. Nb5 ({Better is} 39. Kf3 $16) 39... Rc5 $1 $11 {[%cal Rc5b5]} 40. Nxa7 Ne7 41. Rb6 Nf5 42. Rb4 Kg6 43. Kh3 Nd6 44. Rb6 Ne4 $1 45. f3 Nd2 46. Kg3 Rc3 47. Re6 {Threatening Nb5.} Kf7 $1 {[%cal Rf7e6]} 48. Nb5 {Strongly threatening Rxf6+!} Rd3 {[#]} (48... Rb3 $11 49. Nc7 Ra3) 49. Rd6 $1 $16 {[%cal Rd6d3]} Rxd6 50. Nxd6+ {KN-KN} Ke6 51. Ne8 (51. Nb7 {keeps more tension.} Nb3 52. Nd8+ Kd7 53. Nf7 Ke6 54. Nh6) 51... Kf7 52. Nc7 h5 $2 {[%mdl 8192]} (52... f5 $16 {is a better chance.} 53. Kf4 Nc4 54. Kxf5 Nxe3+ 55. Kg5 Nc4) 53. Kf4 Nc4 54. Nd5 Ne5 {[#]} 55. Kg3 $1 Kg6 56. e4 Nf7 $2 (56... Nc6 57. Kf2 Nb8 58. Ne7+ Kf7) 57. Ne7+ Kh6 58. f4 Nd8 59. Kf3 Kg7 60. Ke3 Kf7 61. Nf5 Ne6 62. Ng3 Ng7 63. Kd3 Ke6 64. Kd4 Kd6 65. f5 {[%cal Bf4f5,Bf5f6][%mdl 32]} Ke7 66. Kd5 Kf8 67. Ne2 Ke7 68. Ng3 (68. Kc6 $142 Kd8 69. Nf4) 68... Kf8 $1 $18 69. e5 (69. Kd6 $142 Kf7 70. e5 Ne8+ 71. Kd5) 69... fxe5 70. f6 {White mates.} Ne8 71. Kxe5 Kf7 72. Nxh5 Nc7 73. Nf4 Na6 74. Ne6 Nb8 75. Ng5+ Kg6 76. f7 Kg7 77. Kd6 Kf8 78. h5 {Precision: White = 66%, Black = 39%.} 1-0

[Event "XVII MetLife Najdorf Open 2017"]
[Site "Warsaw"]
[Date "2017.07.16"]
[Round "8"]
[White "Nihal Sarin"]
[Black "Jumabayev, Rinat"]
[Result "0-1"]
[WhiteElo "2471"]
[BlackElo "2620"]
[Annotator "TA"]
[PlyCount "106"]
[EventDate "2017.??.??"]
[EventType "swiss"]
[EventCountry "POL"]
[SourceTitle "playchess.com"]
[Source "ChessBase"]
[SourceQuality "1"]

{[%evp 20,106,49,11,12,0,0,0,25,21,21,18,19,20,16,-47,22,4,35,37,48,47,37,51,82,83,89,87,88,94,87,87,82,91,67,42,48,23,25,0,0,-5,-4,-4,0,0,0,0,0,0,0,0,0,0,0,0,0,0,0,-120,-18,-152,-153,-152,-132,-213,-214,-221,-215,-218,-219,-223,-224,-203,-195,-394,-394,-420,-307,-400,-377,-505,-492,-456,-439,-731,-613,-596,-573]} 1. d4 Nf6 2. c4 c5 3. d5 b5 4. cxb5 a6 5. f3 axb5 6. e4 Qa5+ 7. Bd2 b4 8. Na3 d6 9. Nc4 Qc7 10. a3 bxa3 11. Nxa3 {[#] LiveBook: 3 Games. aiming for Nb5. A57: Benko/Volga Gambit} Qb7 $1 12. Nb5 {Threatens to win with Rxa8.} Rxa1 13. Qxa1 {The position is equal.} g6 14. Qa5 {Threatening mate with Nc7+.} Bg7 15. Nc7+ Kf8 {[#]} 16. Bb5 $146 ({Predecessor:} 16. Bc3 h6 17. Bc4 Kg8 18. Ne2 Kh7 19. O-O {½-½ (19) Chernin,A (2600)-Hodgson,J (2535) Munich 1993}) 16... Bd7 17. Bc3 ({White should try} 17. Ne2 $11) 17... h6 ({Black should play} 17... Nh5 $15) 18. Bc4 Kg8 19. Ne2 $36 {[%mdl 2048] White has good play.} Kh7 20. O-O Rc8 21. Na8 e6 22. Nb6 Re8 23. Rd1 exd5 24. Nxd5 Nxd5 25. Bxd5 Qb5 26. Qxb5 Bxb5 27. Nf4 Re7 $1 28. Bxg7 (28. Kf2 {is interesting.} Rd7 29. h4 Na6 30. Ra1 Be5 31. g3) 28... Kxg7 29. b3 Ra7 30. Rd2 Nd7 31. Kf2 Ne5 32. Ne2 Bxe2 33. Kxe2 $11 {[%mdl 4096] Endgame KRB-KRN} Kf8 34. f4 (34. b4 $5) 34... Ng4 35. h3 Nf6 36. Kf3 Ke7 37. Bc4 Nd7 38. Re2 Nb6 39. Bd5 (39. Bb5 $11 {remains equal.}) 39... Ra1 (39... Nxd5 $17 40. exd5+ Kf6) 40. g3 (40. Bc6 $11) 40... Nxd5 $17 41. exd5+ {KR-KR} Kd7 42. Rb2 (42. Re4 $17) 42... Rd1 $19 43. b4 {[#]} c4 $1 ({But not} 43... Rxd5 44. bxc5 dxc5 45. Rb7+ Ke6 46. Rc7 $17) 44. Rc2 Rd3+ ({Don't take} 44... Rxd5 45. Rxc4 Rd3+ 46. Kg2 $17) 45. Ke2 Rxg3 46. Rxc4 Rxh3 47. Kd2 $2 (47. f5 {was called for.}) 47... Rh5 48. Rd4 Kc7 49. Kc3 Kb6 50. Kb3 Kb5 {Black is clearly winning.} 51. Rd3 Rf5 52. Rd4 (52. Rc3 $142) 52... g5 53. fxg5 hxg5 {Precision: White = 39%, Black = 65%.} 0-1

[Event "XVII MetLife Najdorf Open 2017"]
[Site "Warsaw"]
[Date "2017.07.16"]
[Round "8"]
[White "Romanishin, Oleg M"]
[Black "Tomczak, Jacek"]
[Result "1/2-1/2"]
[WhiteElo "2463"]
[BlackElo "2596"]
[Annotator "TA"]
[PlyCount "69"]
[EventDate "2017.??.??"]
[EventType "swiss"]
[EventCountry "POL"]
[SourceTitle "playchess.com"]
[Source "ChessBase"]
[SourceQuality "1"]

{[%evp 9,69,43,48,51,44,45,63,64,57,55,78,50,74,58,62,54,56,22,47,38,48,0,0,0,10,6,0,6,20,10,10,8,12,3,20,30,51,64,85,73,73,77,96,97,124,120,116,43,129,108,127,95,147,129,129,119,180,0,136,0,146,0]} 1. d4 Nf6 2. Nf3 c5 3. d5 b5 4. Bg5 Qb6 5. e3 (5. Bxf6 Qxf6 6. c3 d6 7. e4 a6 8. Nbd2 g5 9. a4 g4 10. Ng1 b4 11. cxb4 cxb4 12. Nc4 Nd7 13. Bd3 Ne5 14. Nb6 Nxd3+ 15. Qxd3 Qxb2 {1-0 (50) Maze,S (2619)-Solodovnichenko,Y (2576) Chartres 2017}) 5... Bb7 {LiveBook: 7 Games} 6. Nc3 {A43: Schmid Benoni} b4 7. Na4 Qa5 8. Bxf6 $1 {White is slightly better.} exf6 9. c3 d6 $146 ({Predecessor:} 9... Be7 10. Be2 O-O 11. O-O f5 12. a3 g6 13. axb4 cxb4 {½-½ (30) Aalderink,G (2026)-Taranin,K (1997) LSS email 2011}) 10. Be2 Nd7 11. a3 bxc3 12. Nxc3 (12. b4 $5 c2 13. Qxc2 cxb4 14. O-O $14) 12... Be7 13. Nd2 O-O 14. Nc4 Qc7 15. Nb5 Qb8 16. Na5 a6 17. Nc3 $1 Qc7 {[#]} 18. Nc6 $1 $36 {[%mdl 2560] White has the initiative.} Rae8 (18... Rfe8 {with more complications.} 19. O-O f5 20. Qd3 g6 21. Nxe7+ Rxe7 22. b4 Nf6) (18... Bxc6 19. dxc6) 19. Nxe7+ (19. Qc2 {is interesting.} Bxc6 20. dxc6 Qxc6 21. O-O g6 22. e4) 19... Rxe7 20. O-O f5 21. Rc1 Re5 22. b4 cxb4 23. Na2 Qb6 24. Nxb4 Nc5 25. Bf3 a5 {[#]} 26. Nc6 $1 {And now Rb1 would win.} Bxc6 27. dxc6 Qc7 28. Rb1 (28. Bd5 $16) 28... g6 (28... Ne4 $1 $14) 29. Qd4 Ne6 30. Qa4 Rc5 ({Better is} 30... Nc5 31. Qc4 Ne4) 31. Rb7 Qd8 32. Rd7 Qb8 (32... Qf6 $16 {keeps fighting.}) 33. Rb7 Qd8 {intending ...Ng5.} 34. Rd7 Qb8 $1 35. Rb7 {Precision: White = 43%, Black = 33%.} ({White should try} 35. Rd1 $16) 1/2-1/2

[Event "XVII MetLife Najdorf Open 2017"]
[Site "Warsaw"]
[Date "2017.07.16"]
[Round "8"]
[White "Noe, Christopher"]
[Black "Zylka, Stanislaw"]
[Result "1-0"]
[WhiteElo "2451"]
[BlackElo "2368"]
[Annotator "TA"]
[PlyCount "77"]
[EventDate "2017.??.??"]
[EventType "swiss"]
[EventCountry "POL"]
[SourceTitle "playchess.com"]
[Source "ChessBase"]
[SourceQuality "1"]

1. d4 {Program Activation Required} d5 2. Nf3 c6 3. e3 Nf6 4. c4 Bf5 5. Nc3 e6 6. Qb3 Qb6 7. c5 Qc7 8. Nh4 Bg6 {D12: Slav Defence: 3 Nf3 Nf6 4 e3 Bf5} 9. Nxg6 hxg6 10. Bd2 (10. g3 Nbd7 11. Bg2 e5 12. Qa4 Be7 13. b4 b5 14. Qb3 a5 15. O-O O-O 16. Bd2 axb4 17. Qxb4 {0-1 (59) Wang,P (2468)-Dreev,A (2674) Richardson 2010}) 10... Nbd7 11. h3 e5 12. Bd3 Be7 13. Qd1 $146 ({NOTEXT:} 13. O-O-O Rh4 14. g3 Rh8 15. Kb1 Rb8 16. Qc2 {½-½ (42) Belsley,A (1842)-Petras,M (1958) Prague 2012}) 13... O-O 14. O-O b6 15. b4 Rfb8 16. f4 exd4 17. exd4 a5 18. a3 Nh7 19. f5 g5 20. Qg4 Bf6 21. Rfb1 Qd8 22. Kh1 axb4 23. axb4 Rxa1 24. Rxa1 bxc5 25. bxc5 Rb2 26. Be1 Qe8 27. Na4 Rb3 28. Bc2 Re3 29. Bb4 Re2 30. Bd3 Rf2 31. Re1 Qb8 32. Nb6 Nhf8 33. Bc3 Rf4 34. Qe2 Nxb6 35. cxb6 Bxd4 36. Bxd4 Rxd4 37. Qe8 Qxb6 38. Re7 Kh7 39. Qxf7 1-0

[Event "XVII MetLife Najdorf Open 2017"]
[Site "Warsaw"]
[Date "2017.07.16"]
[Round "8"]
[White "Shvayger, Yuliya"]
[Black "Jakubowski, Krzysztof"]
[Result "1/2-1/2"]
[WhiteElo "2434"]
[BlackElo "2518"]
[Annotator "TA"]
[PlyCount "76"]
[EventDate "2017.??.??"]
[EventType "swiss"]
[EventCountry "POL"]
[SourceTitle "playchess.com"]
[Source "ChessBase"]
[SourceQuality "1"]

{[%evp 24,76,35,26,32,22,47,30,49,36,51,-8,45,32,66,0,0,0,0,-18,0,0,0,0,0,9,30,32,44,0,22,23,8,0,3,4,0,7,29,9,769,740,6024,0,0,0,0,0,0,0,0,0,0,0,0]} 1. e4 c5 2. Nf3 e6 3. d4 cxd4 4. Nxd4 Nf6 5. Nc3 d6 6. g4 h6 7. Bg2 a6 8. h3 Nfd7 {B81: Sicilian Scheveningen: Keres Attack} (8... Nc6 9. Nxc6 bxc6 10. e5 Nd5 11. exd6 Bxd6 12. Ne4 Be5 13. O-O Qc7 14. c4 Nf4 15. Bxf4 Bxf4 16. Qf3 O-O {0-1 (58) Ganguly,S (2668)-Vachier Lagrave,M (2804) Doha 2016}) 9. Qe2 Nc6 10. Be3 g5 11. O-O-O Nce5 $146 ({Predecessor:} 11... Nde5 12. h4 Rg8 13. hxg5 hxg5 14. Rh7 Bd7 15. Nf5 Qc7 16. Ng3 {0-1 (78) Bodnaruk,A (2475)-Vega Gutierrez,S (2375) Mamaia 2016}) 12. f4 gxf4 13. Bxf4 {LiveBook: 25 Games} b5 {[%cal Bb7b5,Bb5b4][%mdl 32]} 14. Qf2 b4 15. Na4 Qc7 16. Nf3 Rb8 17. Rhf1 (17. b3 $14) 17... Bg7 (17... a5 $11) 18. Qd4 $14 Ke7 19. Bg3 ({White should play} 19. Rf2 $14) 19... a5 $11 20. Bh4+ f6 21. Rf2 Nxf3 (21... b3 $5 22. a3 (22. axb3 Rxb3 23. Nxe5 Nxe5 $15) 22... Nxf3 23. Bxf3 Ne5 $11) 22. Bxf3 Ne5 $1 23. b3 $1 Bd7 24. Nb2 $1 Rhc8 25. Bg2 Bb5 26. Bg3 f5 {aiming for ...Nd3+!} 27. Kb1 fxg4 28. Bh4+ Kd7 $132 {[%mdl 2048] Black has counterplay} 29. Rfd2 {[%cal Rd4d6]} Rb6 {Hoping for ...Ke8.} 30. Bf1 $1 {[%cal Rf1b5] Threatens to win with Bxb5+.} Bxf1 31. Rxf1 {And now Nc4! would win.} Qc3 $2 {[%mdl 8192]} ({Wrong is} 31... gxh3 $2 32. Nc4 $1 $18 {[%mdl 512]}) (31... Rg8 $11 32. Bf6 Kc8 33. Bxg7 Rxg7 34. hxg4 Rxg4) 32. Qxb6 $18 Qxd2 33. Qb7+ $2 (33. Nc4 $18 {White wants to mate with Qb7+.} Nf3 34. Qb7+ Rc7 35. Nb6+ Ke8 36. Qxc7 Qc1+ 37. Kxc1 Kf8 38. Nd7+ Kf7 39. Ne5+ Kg8 {[#]} 40. Bf6 $1 {[%mdl 512]} Bxf6 41. Qf7+ Kh8 42. Ng6#) 33... Rc7 $11 {The position is equal.} 34. Qb5+ Kc8 35. Qe8+ Kb7 36. Qb5+ Kc8 37. Qe8+ Kb7 38. Qb5+ Kc8 {Precision: White = 56%, Black = 29%.} 1/2-1/2

[Event "XVII MetLife Najdorf Open 2017"]
[Site "Warsaw"]
[Date "2017.07.16"]
[Round "8"]
[White "Hnydiuk, Aleksander"]
[Black "Golubov, Saveliy"]
[Result "1-0"]
[WhiteElo "2422"]
[BlackElo "2516"]
[Annotator "TA"]
[PlyCount "119"]
[EventDate "2017.??.??"]
[EventType "swiss"]
[EventCountry "POL"]
[SourceTitle "playchess.com"]
[Source "ChessBase"]
[SourceQuality "1"]

{[%evp 20,119,27,26,50,54,45,27,13,22,31,18,40,15,31,24,35,10,22,11,26,45,33,28,31,40,64,68,74,46,46,44,35,35,41,25,28,34,37,28,70,68,142,150,157,119,145,120,123,118,122,133,118,116,125,119,163,156,163,157,155,115,170,165,157,160,154,157,221,134,148,135,143,0,147,44,352,18,323,327,307,212,380,349,563,497,550,470,470,467,586,541,542,488,478,458,414,385,373,0,530,509]} 1. Nf3 Nf6 2. c4 g6 3. d4 Bg7 4. g3 O-O 5. Bg2 d6 6. Nc3 Nc6 7. O-O Bf5 8. Ne1 Qd7 9. e4 {E62: King's Indian: Fianchetto: 6...c6 and Panno Variation (6...Nc6) without ...a6} Bh3 10. f3 Bxg2 11. Kxg2 {LiveBook: 12 Games. White has an edge.} e5 12. d5 Nd4 13. Nc2 Nxc2 14. Qxc2 Ne8 $146 ({Predecessor:} 14... Nh5 15. Qe2 f5 16. Bd2 Rf7 {½-½ (49) Kanep,M (2509)-Bachmann,A (2414) Turin 2006}) 15. Be3 f5 16. c5 f4 17. Bg1 h5 18. Qb3 b6 19. cxd6 (19. c6 $5 {[%cal Rc6d7]} Qf7 20. Ne2 $14) 19... cxd6 20. gxf4 Rxf4 21. Be3 Rf7 22. Rac1 h4 23. Qb5 Qe7 24. Kh1 Kh7 25. Nd1 {[%cal Bc3d1,Bd1e3,Be3g4,Bg4f2,Bf2h3][%mdl 32]} Bh6 26. Bxh6 Kxh6 27. Ne3 Ng7 28. Qe2 Kh7 29. Ng4 h3 30. Qe3 $36 {[%mdl 2048] White fights for an advantage.} Qh4 (30... Rf4 $14) 31. Rg1 $16 Rf4 32. Nf2 $1 {Rc7 is the strong threat.} Raf8 33. Rg3 Nh5 34. Rc7+ R8f7 35. Rxf7+ Rxf7 36. Rg4 $1 {[%cal Rg4h4]} Qf6 37. Nxh3 {Hoping for Ng5+.} Rc7 38. Ng5+ $1 Kg8 39. Ne6 Rc8 40. Rg2 Nf4 (40... Kf7 $16) 41. Nxf4 $18 exf4 {[%mdl 4096] Endgame KQR-KQR} 42. Qd2 Kf7 43. Rg1 g5 (43... Rc4 $16 44. Qg2 Rc7) 44. Rc1 Rxc1+ 45. Qxc1 $16 {KQ-KQ} Qd4 {White should prevent ...Qf2.} 46. Kg2 ({Much weaker is} 46. Qc7+ $6 Kg6 $11) ({Only move:} 46. Qc2 $1 $16) 46... Kg6 (46... Qd3 $1 $11 {remains equal.}) 47. Qc2 (47. h4 $16) 47... Kh6 $2 {[%mdl 8192]} (47... b5 $1 $14) 48. Qf2 $2 ({White should try} 48. Qc3 $18 Qd1 49. h4 $1 {[%mdl 512]}) 48... Qd3 $2 {[%mdl 8192]} (48... Qd1 $1 $11 {and Black is okay.}) 49. h4 $18 Qc4 50. a3 Qc1 $2 (50... Qc8 {might work better.} 51. hxg5+ Kxg5) 51. Kh2 Qc4 $2 (51... gxh4 52. Qxh4+ Kg6) 52. Qg2 gxh4 {intending ...Qc1.} 53. Kh3 Qd4 54. Qg4 Qe3 55. Qxh4+ Kg6 56. Qg4+ Kh6 57. Qe6+ Kg5 58. Qe7+ Kh5 59. Qh4+ (59. Qh7+ $142 Kg5 60. Qh4+ Kg6 61. Kg4) 59... Kg6 {[#]} 60. Kg4 $1 {Precision: White = 68%, Black = 42%.} 1-0